00709nam a22002055i 4500001000700000003000900007005001700016008004100033080001500074100004200089245007500131250001200206260003400218300004600252490005200298500001500350650004700365830005200412852003900464178043ES-MaACL20231207063039.0110516s1966 sp f |||| | spa d a821.111.091 aSouvirón, José Maríad1904-197310aHistoria breve de la literatura inglesa / cJosé María Souvirón. a1ª ed. aBarcelona : bCredsa, c1966. a199, [8] p. de lám. bl. y n. ; c18 cm.1 aPanoramas A-Z. La universidad en su mano ; v36 aÍndices.04aLiteratura inglesa-xHistoria y crítica.0 aPanoramas A-Z. La universidad en su mano ; v36 aES-MaACLjE-15086 xOlim P-269-bis